Spain Roster (World Cup 2010) - Statistics

General Stats
  • This quiz has been taken 47 times
  • The average score is 14 of 21
Answer Stats
Hint Player % Correct
MID | Barcelona | 8 | RET Xavi
95%
DEF | Barcelona | 3 | ACT Gerard Pique
90%
FWD | Barcelona | 7 | RET David Villa
88%
MID | Barcelona | 6 | ACT Andres Iniesta
86%
FWD | Liverpool | 9 | RET Fernando Torres
86%
GK | Real Madrid | 1 | RET Iker Casillas
86%
MID | Barcelona | 16 | ACT Sergio Busquets
83%
MID | Real Madrid | 14 | RET Xabi Alonso
83%
DEF | Real Madrid | 15 | ACT Sergio Ramos
81%
GK | Barcelona | 12 | RET Victor Valdes
81%
FWD | Barcelona | 18 | ACT Pedro
71%
GK | Liverpool | 23 | ACT Pepe Reina
71%
FWD | Manchester City | 21 | RET David Silva
69%
DEF | Barcelona | 5 | RET Carlos Puyol
52%
MID | Barcelona | 10 | RET Cesc Fabregas
48%
DEF | Sevilla | 22 | ACT Jesus Navas
48%
DEF | Villarreal | 11 | RET Joan Capdevila
38%
MID | Valencia | 13 | RET Juan Mata
36%
DEF | Real Madrid | 17 | RET Alvaro Arbeloa
29%
DEF | Valencia | 4 | RET Carlos Marchena
24%
FWD | Sevilla | 11 | RET Alvaro Negredo
21%
No matching quizzes found
Score Distribution
Percent of People with Each Score
Percentile by Number Answered
Your Score History
You have not taken this quiz